[Event "15th EUR-ch (w)"]
[Site "Plovdiv BUL"]
[Date "2014.07.15"]
[Round "9.57"]
[White "Shivacheva, Donika"]
[Black "Brezalieva, Steliyana"]
[Result "1/2-1/2"]
[WhiteElo "1790"]
[BlackElo "1456"]
[EventDate "2014.07.06"]
[PlyCount "90"]

1.f4 f5 2.e3 Nf6 3.b3 g6 4.Bb2 Bg7 5.Nf3 b6 6.h3 Nh5 7.Bxg7 Nxg7 8.g4 Bb7 
9.d3 Nc6 10.e4 e6 11.Bg2 Ne7 12.Qd2 fxe4 13.dxe4 Nc6 14.Qc3 Qe7 15.Nbd2 
Rf8 16.f5 exf5 17.O-O-O Qa3+ 18.Kb1 Ne6 19.exf5 gxf5 20.Nc4 Qb4 21.Qd3 
O-O-O 22.a3 Qc5 23.b4 Qe7 24.Rhe1 Qf6 25.b5 Nf4 26.Qd2 Nxg2 27.g5 Qf7 28.
bxc6 dxc6 29.Nxb6+ axb6 30.Qxg2 c5 31.Qg3 Rxd1+ 32.Rxd1 Qh5 33.Rd3 Bxf3 
34.Rxf3 Qf7 35.h4 Qg6 36.Qe5 Qf7 37.a4 Qg6 38.Qe2 Kb7 39.Rf4 Qd6 40.Qf3+ 
Qc6 41.Qf1 Qe6 42.h5 Qf7 43.Qg2+ c6 44.g6 Qg7 45.Qg5 hxg6 1/2-1/2

[Event "15th EUR-ch (w)"]
[Site "Plovdiv BUL"]
[Date "2014.07.15"]
[Round "9.58"]
[White "Balimezova, Margarita"]
[Black "Vasileva, Cveta"]
[Result "0-1"]
[WhiteElo "1631"]
[BlackElo "1598"]
[EventDate "2014.07.06"]
[PlyCount "80"]

1.d4 d5 2.Nf3 e6 3.e3 Nf6 4.Bd3 c5 5.b3 Bd6 6.Bb2 Nbd7 7.Ne5 O-O 8.Nd2 Qc7
9.f4 a6 10.a4 b6 11.O-O Bb7 12.g4 Ne4 13.Nxe4 dxe4 14.Bc4 Rfd8 15.Nxd7 
Rxd7 16.dxc5 Bxc5 17.Qe2 Rad8 18.Bc3 a5 19.f5 exf5 20.Rxf5 Bd5 21.Bb5 Re7 
22.Rg5 g6 23.Bf6 h6 24.Bxe7 Qxe7 25.Rxd5 Rxd5 26.Bc4 Rd7 27.Rf1 Qd6 28.Kh1
Kg7 29.Qf2 f6 30.h3 Qe7 31.h4 Bb4 32.h5 Rd2 33.Qg3 Bd6 34.Qe1 Rh2+ 35.Kg1 
Qd7 36.Be2 gxh5 37.Rf5 h4 38.Qd1 Qc7 39.Bc4 Bc5 40.Qe1 Rh3 0-1

[Event "15th EUR-ch (w)"]
[Site "Plovdiv BUL"]
[Date "2014.07.16"]
[Round "10.1"]
[White "Gunina, Valentina"]
[Black "Kosintseva, Tatiana"]
[Result "1/2-1/2"]
[WhiteElo "2501"]
[BlackElo "2476"]
[EventDate "2014.07.06"]
[PlyCount "147"]

1.d4 Nf6 2.c4 g6 3.Nf3 Bg7 4.g3 c5 5.d5 b5 6.cxb5 a6 7.bxa6 d6 8.Nc3 O-O 
9.Bg2 Nbd7 10.O-O Nb6 11.e4 Bxa6 12.Re1 Nfd7 13.Qc2 Nc4 14.Bf4 Qa5 15.Rac1
Rfb8 16.b3 Nce5 17.Red1 Nxf3+ 18.Bxf3 c4 19.Ne2 Nc5 20.Rb1 Nd3 21.Bd2 Qa3 
22.Be3 Nb2 23.Bc1 cxb3 24.axb3 Rxb3 25.Nd4 Bxd4 26.Rxd4 Rc8 27.Qd2 Rd3 28.
Rxd3 Qxd3 29.Qxd3 Nxd3 30.Be3 Ne5 31.Bg2 Kg7 32.f4 Nd3 33.Rb6 Bc4 34.Rc6 
Rxc6 35.dxc6 Nb4 36.c7 Ba6 37.Bf1 Bc8 38.Bb5 Kf6 39.Kf2 e5 40.Bb6 exf4 41.
gxf4 Ke7 42.Ba5 Na6 43.Ke3 Nc5 44.Bb4 Na6 45.Bxa6 Bxa6 46.e5 Kd7 47.exd6 
Bc4 48.Kd4 Be6 49.Ke5 h5 50.h4 Bf5 51.Kf6 Ke8 52.Bc3 Be6 53.Kg7 Bd7 54.Bf6
Be6 55.Be7 Bd7 56.Kf6 Be6 57.Ke5 Kd7 58.Kd4 Kc6 59.Ke4 Kd7 60.Ke5 Kc6 61.
Kf6 Kd7 62.Kg7 Ke8 63.Bf6 Bd7 64.Bd4 Be6 65.Bc5 Bd7 66.Ba3 Be6 67.Kf6 Bf5 
68.Ke5 Kd7 69.Kd5 Be6+ 70.Kc5 Bf5 71.Kb6 Kc8 72.Bb2 Bg4 73.Kc6 Bd7+ 74.Kd5
1/2-1/2

[Event "15th EUR-ch (w)"]
[Site "Plovdiv BUL"]
[Date "2014.07.16"]
[Round "10.2"]
[White "Zhukova, Natalia"]
[Black "Melia, Salome"]
[Result "1/2-1/2"]
[WhiteElo "2451"]
[BlackElo "2454"]
[EventDate "2014.07.06"]
[PlyCount "46"]

1.d4 Nf6 2.c4 e6 3.Nf3 d5 4.Nc3 Be7 5.Bg5 h6 6.Bh4 O-O 7.e3 Ne4 8.Bxe7 
Qxe7 9.Rc1 c6 10.g4 Rd8 11.Rg1 c5 12.cxd5 exd5 13.g5 Nxg5 14.Nxg5 hxg5 15.
Qh5 f6 16.Bd3 Nc6 17.Qh7+ Kf8 18.Qh8+ Kf7 19.Qh5+ Kf8 20.Qh8+ Kf7 21.Qh5+ 
Kf8 22.Qh8+ Kf7 23.Qh5+ Kf8 1/2-1/2

[Event "15th EUR-ch (w)"]
[Site "Plovdiv BUL"]
[Date "2014.07.16"]
[Round "10.3"]
[White "Muzychuk, Maria"]
[Black "Szczepkowska-Horowska, Karina"]
[Result "1-0"]
[WhiteElo "2521"]
[BlackElo "2369"]
[EventDate "2014.07.06"]
[PlyCount "111"]

1.d4 Nf6 2.Bg5 Ne4 3.Bf4 c5 4.f3 Nf6 5.dxc5 b6 6.e4 bxc5 7.Nc3 Nc6 8.Bc4 
e5 9.Be3 Be7 10.Nge2 O-O 11.Nd5 Nd4 12.c3 Nxe2 13.Nxe7+ Qxe7 14.Qxe2 d6 
15.O-O-O Ne8 16.h4 Be6 17.h5 f5 18.exf5 Rxf5 19.Qd3 Rf8 20.Rhe1 Qf7 21.
Bxe6 Qxe6 22.Qa6 Qf7 23.h6 g6 24.Bg5 Rb8 25.f4 Rb6 26.Qa4 Nc7 27.fxe5 Rfb8
28.b3 d5 29.Qf4 Qxf4+ 30.Bxf4 Ne6 31.Be3 Rd8 32.b4 Ra6 33.Kb2 d4 34.cxd4 
cxd4 35.Bd2 Rb6 36.Rc1 d3 37.Rc4 Rf8 38.Re3 Rb5 39.Rxd3 Rxe5 40.Re3 Rd5 
41.Bc3 Rf2+ 42.Kb3 Kf7 43.Rc6 Nd4+ 44.Bxd4 Rxd4 45.Rc7+ Kf6 46.Rxa7 Rxg2 
47.Rxh7 Rh4 48.Rh8 Rgh2 49.Rf8+ Kg5 50.Rg3+ Rg4 51.Rxg4+ Kxg4 52.Rh8 g5 
53.h7 Rh5 54.a4 Kh4 55.a5 g4 56.a6 1-0

[Event "15th EUR-ch (w)"]
[Site "Plovdiv BUL"]
[Date "2014.07.16"]
[Round "10.4"]
[White "Danielian, Elina"]
[Black "Stefanova, Antoaneta"]
[Result "1/2-1/2"]
[WhiteElo "2458"]
[BlackElo "2488"]
[EventDate "2014.07.06"]
[PlyCount "147"]

1.d4 g6 2.e4 Bg7 3.Be3 c6 4.Qd2 d5 5.e5 c5 6.Nc3 Nc6 7.Bb5 cxd4 8.Qxd4 a6 
9.Bxc6+ bxc6 10.Nf3 Nh6 11.Qc5 Bd7 12.O-O Nf5 13.Na4 Rb8 14.Rfe1 O-O 15.
Qa3 Nxe3 16.Rxe3 Bh6 17.Ree1 Qa5 18.b3 Rfe8 19.c3 Bg4 20.Nd4 Qc7 21.h3 Bc8
22.Qc5 Bd7 23.b4 Bf4 24.Nf3 Bh6 25.Qd4 Bf5 26.Nc5 Ra8 27.a4 a5 28.g4 Bc8 
29.Kg2 Ba6 30.e6 f6 31.h4 Qf4 32.b5 cxb5 33.Nxa6 Rxa6 34.axb5 Rb6 35.Rxa5 
Reb8 36.Ra7 Kf8 37.g5 Qxd4 38.cxd4 Bg7 39.Rb1 Rxe6 40.Rd7 Rd6 41.Rxd6 exd6
42.Kf1 Ke7 43.Ke2 Kd7 44.Kd3 Ra8 45.Rb3 Kc7 46.Rc3+ Kb7 47.Rc6 Ra3+ 48.Ke2
fxg5 49.Rxd6 Ra2+ 50.Kf1 Ra1+ 51.Kg2 g4 52.Nh2 Bxd4 53.Rxd5 Bf6 54.Rd7+ 
Kc8 55.Rxh7 Ra4 56.Rh6 Bd8 57.Nf1 Rb4 58.Ne3 Rxb5 59.Nxg4 Rh5 60.Kh3 Kd7 
61.f4 Rxh6 62.Nxh6 Ke6 63.Kg3 Bc7 64.Kf3 Bd8 65.Kg4 Kf6 66.Kg3 Bc7 67.Ng4+
Kf5 68.Ne3+ Ke4 69.Ng2 Kf5 70.Kf3 Bb6 71.Ne1 Bd8 72.Ng2 Bb6 73.Kg3 Bc7 74.
Ne3+ 1/2-1/2

[Event "15th EUR-ch (w)"]
[Site "Plovdiv BUL"]
[Date "2014.07.16"]
[Round "10.5"]
[White "Batsiashvili, Nino"]
[Black "Khurtsidze, Nino"]
[Result "1/2-1/2"]
[WhiteElo "2417"]
[BlackElo "2460"]
[EventDate "2014.07.06"]
[PlyCount "130"]

1.d4 Nf6 2.c4 e6 3.Nf3 Bb4+ 4.Bd2 a5 5.Nc3 d6 6.g3 Nbd7 7.Bg2 e5 8.O-O O-O
9.Rc1 Re8 10.a3 Bxc3 11.Rxc3 Ne4 12.Rd3 exd4 13.Rxd4 a4 14.Be3 Ndc5 15.Qc2
Bd7 16.Rdd1 Qc8 17.Nd4 Bh3 18.Bf4 h6 19.f3 Bxg2 20.Kxg2 Ng5 21.e4 Qh3+ 22.
Kh1 Nge6 23.Be3 Nxd4 24.Bxd4 b6 25.Rfe1 Nb3 26.Bc3 Re7 27.Qd3 Rae8 28.Qd5 
Nc5 29.Rf1 Kh7 30.g4 Kg8 31.g5 Ne6 32.gxh6 Nf4 33.Qg5 Ne6 34.Qf5 Qxh6 35.
Rg1 f6 36.Rg4 Kf7 37.Rdg1 Rh8 38.R4g2 Rh7 39.Bd2 Qh5 40.Qxh5+ Rxh5 41.Be3 
f5 42.exf5 Rxf5 43.Rg3 Re8 44.Bd2 Rh8 45.Bc3 Rh7 46.Bd2 Rh4 47.Rg4 Rxg4 
48.fxg4 Rc5 49.Rc1 Re5 50.Re1 Rxe1+ 51.Bxe1 Kf6 52.Kg2 Ke5 53.Kf3 Nd4+ 54.
Kg3 Ke4 55.h4 b5 56.cxb5 Nxb5 57.Bc3 Nxc3 58.bxc3 d5 59.h5 c5 60.g5 Kf5 
61.h6 gxh6 62.gxh6 Kg6 63.Kf4 Kxh6 64.Ke5 d4 65.cxd4 cxd4 1/2-1/2

[Event "15th EUR-ch (w)"]
[Site "Plovdiv BUL"]
[Date "2014.07.16"]
[Round "10.6"]
[White "Dzagnidze, Nana"]
[Black "Pahtz, Elisabeth"]
[Result "1-0"]
[WhiteElo "2541"]
[BlackElo "2456"]
[EventDate "2014.07.06"]
[PlyCount "83"]

1.d4 Nf6 2.c4 d6 3.Nc3 Nbd7 4.Nf3 g6 5.g3 Bg7 6.Bg2 O-O 7.O-O e5 8.Qc2 Re8
9.Rd1 c6 10.e4 exd4 11.Nxd4 Qe7 12.b3 a6 13.Ba3 Nc5 14.Rd2 Nfxe4 15.Re1 
Nxd2 16.Rxe7 Rxe7 17.Qxd2 Bxd4 18.Ne4 Ne6 19.Bxd6 Rd7 20.Bh3 f5 21.Ba3 c5 
22.Nc3 Bxc3 23.Qxc3 b6 24.Qe5 Rd1+ 25.Bf1 Bd7 26.Bb2 Rf8 27.Qh8+ Kf7 28.
Qxh7+ Ke8 29.Qxg6+ Rf7 30.Qh5 Rd2 31.Be5 Nd4 32.Bg2 Be6 33.Bd5 Bxd5 34.
cxd5 f4 35.gxf4 Nf5 36.Qh8+ Kd7 37.Qa8 Ke7 38.Qb7+ Kf8 39.Qc8+ Ke7 40.Qc7+
Ke8 41.Qc6+ Kf8 42.d6 1-0

[Event "15th EUR-ch (w)"]
[Site "Plovdiv BUL"]
[Date "2014.07.16"]
[Round "10.7"]
[White "Girya, Olga"]
[Black "Kashlinskaya, Alina"]
[Result "0-1"]
[WhiteElo "2493"]
[BlackElo "2441"]
[EventDate "2014.07.06"]
[PlyCount "144"]

1.d4 d5 2.c4 c6 3.cxd5 cxd5 4.Nc3 Nf6 5.Bf4 Nc6 6.e3 Bf5 7.Qb3 Na5 8.Qa4+ 
Bd7 9.Qc2 Rc8 10.Bd3 e6 11.Nf3 b5 12.a3 Be7 13.O-O O-O 14.Ne5 Nc4 15.Rfc1 
a5 16.Qe2 a4 17.Bg3 Be8 18.Rd1 Qa5 19.Nxc4 bxc4 20.Bc2 Bc6 21.f3 Rfd8 22.
e4 Qa7 23.e5 Nh5 24.f4 g6 25.Qf3 Rb8 26.Rab1 Nxg3 27.hxg3 Rb7 28.Rd2 Rdb8 
29.Nd1 Bd8 30.Qe3 Ba5 31.Rf2 Rb3 32.Bxb3 Rxb3 33.Nc3 Bxc3 34.Qxc3 Rxc3 35.
bxc3 Qe7 36.Rb4 g5 37.f5 exf5 38.Rxf5 Kg7 39.Rf6 Qc7 40.Rd6 Qc8 41.Rb6 Be8
42.Rxd5 Qg4 43.e6 fxe6 44.Re5 Qxg3 45.Rbxe6 Bg6 46.Re3 Qg4 47.Re7+ Kf8 48.
R7e5 Qd1+ 49.Kh2 g4 50.Kg3 Qb3 51.Kxg4 Qxa3 52.Rf3+ Bf7 53.Rc5 Qb2 54.Kg3 
Qb8+ 55.Kf2 Qa7 56.Rff5 Qb7 57.Rb5 Qe4 58.Rf3 a3 59.Ra5 Qc2+ 60.Kg3 Qb2 
61.Kh3 a2 62.Ra8+ Ke7 63.Ra7+ Kd6 64.Ra6+ Kd5 65.Ra5+ Kc6 66.Rf6+ Kb7 67.
Rxf7+ Kb6 68.Raa7 Qxc3+ 69.Kh2 a1=Q 70.Rab7+ Kc6 71.Rbc7+ Kd5 72.Rcd7+ Ke4
0-1

[Event "15th EUR-ch (w)"]
[Site "Plovdiv BUL"]
[Date "2014.07.16"]
[Round "10.8"]
[White "Foisor, Cristina"]
[Black "Javakhishvili, Lela"]
[Result "1/2-1/2"]
[WhiteElo "2383"]
[BlackElo "2474"]
[EventDate "2014.07.06"]
[PlyCount "103"]

1.e4 c5 2.c4 Nc6 3.Nc3 g6 4.d3 Bg7 5.g3 a6 6.Nge2 Nd4 7.Bg2 b5 8.O-O b4 9.
Nd5 Nxe2+ 10.Qxe2 e6 11.Nf4 Ne7 12.Be3 d6 13.Qd2 Nc6 14.Ne2 e5 15.f4 exf4 
16.gxf4 Bg4 17.Ng3 Qd7 18.e5 dxe5 19.Bxc5 O-O-O 20.Ne4 Qc7 21.Nf2 Be6 22.
a3 b3 23.Qc3 Nd4 24.Bxd4 Rxd4 25.Qxb3 exf4 26.Ne4 Rhd8 27.Nc5 R8d6 28.Nxe6
Rxe6 29.c5 Re3 30.c6 Rdxd3 31.Qb7+ Kd8 32.Rad1 Qxb7 33.cxb7 Be5 34.b4 Kc7 
35.Rc1+ Rc3 36.a4 g5 37.b5 axb5 38.axb5 g4 39.Rxc3+ Rxc3 40.Be4 h5 41.Rd1 
f3 42.Bc6 Bf4 43.Rd7+ Kb6 44.b8=Q+ Bxb8 45.Rb7+ Kc5 46.Rxb8 h4 47.Rg8 f5 
48.Rf8 Rc1+ 49.Kf2 Rc2+ 50.Ke3 Rxh2 51.Rxf5+ Kb6 52.Bxf3 1/2-1/2

[Event "15th EUR-ch (w)"]
[Site "Plovdiv BUL"]
[Date "2014.07.16"]
[Round "10.9"]
[White "Mkrtchian, Lilit"]
[Black "Socko, Monika"]
[Result "1/2-1/2"]
[WhiteElo "2446"]
[BlackElo "2462"]
[EventDate "2014.07.06"]
[PlyCount "69"]

1.Nf3 Nf6 2.c4 g6 3.g3 Bg7 4.Bg2 d6 5.d4 O-O 6.Nc3 Nc6 7.O-O Bg4 8.d5 Na5 
9.Qd3 c5 10.h3 Bxf3 11.exf3 a6 12.f4 Rb8 13.Rb1 b5 14.cxb5 c4 15.Qe3 axb5 
16.b4 cxb3 17.axb3 Qb6 18.Qxb6 Rxb6 19.Bd2 b4 20.Na2 Rfb8 21.Be3 Rb5 22.
Rfd1 Rc8 23.Rd4 Kf8 24.Rxb4 Rxb4 25.Nxb4 Rc3 26.Ra1 Rxb3 27.Nc6 Nc4 28.
Ra8+ Ne8 29.Bd4 Bxd4 30.Nxd4 Rb1+ 31.Kh2 Rb4 32.Nc6 Rb7 33.Nd4 Rb4 34.Nc6 
Rb7 35.Nd4 1/2-1/2

[Event "15th EUR-ch (w)"]
[Site "Plovdiv BUL"]
[Date "2014.07.16"]
[Round "10.10"]
[White "Hoang Thanh Trang"]
[Black "Gaponenko, Inna"]
[Result "1-0"]
[WhiteElo "2490"]
[BlackElo "2380"]
[EventDate "2014.07.06"]
[PlyCount "87"]

1.d4 d6 2.e4 Nf6 3.Nc3 g6 4.Be3 a6 5.Qd2 b5 6.Bd3 Bb7 7.f3 Nbd7 8.a4 b4 9.
Nce2 a5 10.Nh3 Bg7 11.Bh6 O-O 12.O-O e5 13.c3 bxc3 14.bxc3 d5 15.Nf2 c5 
16.Bxg7 Kxg7 17.Rab1 Rb8 18.exd5 Bxd5 19.Rxb8 Qxb8 20.c4 Bb7 21.d5 Qc7 22.
Ne4 Nxe4 23.Bxe4 Rb8 24.f4 exf4 25.d6 Qd8 26.Bxb7 Rxb7 27.Nxf4 Qb8 28.Qc3+
f6 29.Ne6+ Kh8 30.Qxa5 Rb6 31.Nxc5 Nxc5 32.Qxc5 Rxd6 33.a5 Kg7 34.h3 h5 
35.Re1 g5 36.Qb5 Qc8 37.Re7+ Kh6 38.Qb1 f5 39.Qb2 Rg6 40.Qe5 Qf8 41.Re8 
Qf6 42.Qxf6 Rxf6 43.Rb8 Kg7 44.Rb7+ 1-0

[Event "15th EUR-ch (w)"]
[Site "Plovdiv BUL"]
[Date "2014.07.16"]
[Round "10.11"]
[White "Schleining, Zoya"]
[Black "Bodnaruk, Anastasia"]
[Result "0-1"]
[WhiteElo "2376"]
[BlackElo "2429"]
[EventDate "2014.07.06"]
[PlyCount "144"]

1.d4 Nf6 2.Nf3 g6 3.Bg5 Bg7 4.Nbd2 d5 5.e3 O-O 6.Bd3 c5 7.c3 b6 8.Qe2 Bb7 
9.O-O Ne4 10.Bf4 e6 11.Rfd1 Qe7 12.a4 f6 13.Bxb8 Raxb8 14.Ba6 Bxa6 15.Qxa6
f5 16.Qe2 c4 17.Ne1 Nd6 18.Nc2 a5 19.Na3 Qd7 20.Kf1 b5 21.Nxb5 Nxb5 22.
axb5 Rxb5 23.Nf3 Rfb8 24.Rd2 Bf6 25.h3 Bd8 26.Ne5 Qb7 27.Ra2 Rb3 28.g3 Qb5
29.Kg2 Bc7 30.Nf3 a4 31.Rc2 Bd6 32.Ng5 Re8 33.f4 Qa5 34.Qe1 h6 35.Nf3 Kg7 
36.g4 a3 37.bxa3 Rxa3 38.Rxa3 Qxa3 39.Qd2 Ra8 40.Rb2 Qa1 41.Qc2 Ra3 42.
gxf5 exf5 43.h4 h5 44.Ng5 Ra7 45.Qb1 Qxb1 46.Rxb1 Be7 47.Rb5 Kf8 48.Kf3 
Ke8 49.Ke2 Ra2+ 50.Kd1 Bxg5 51.hxg5 h4 52.Rb8+ Kd7 53.Rh8 Rh2 54.Ke1 Kc6 
55.Rh6 Kb5 56.Rxg6 h3 57.Rh6 Ka4 58.Kf1 Kb3 59.Kg1 Rg2+ 60.Kh1 Kxc3 61.
Rxh3 Rg4 62.e4+ Kxd4 63.exf5 c3 64.Rh8 Rxf4 65.f6 Kd3 66.Kg2 c2 67.Rc8 
Rg4+ 68.Kf3 Rxg5 69.Kf4 Rg8 70.Rc5 d4 71.Kf5 Kd2 72.Ke4 d3 0-1

[Event "15th EUR-ch (w)"]
[Site "Plovdiv BUL"]
[Date "2014.07.16"]
[Round "10.12"]
[White "Gvetadze, Sopio"]
[Black "Arabidze, Meri"]
[Result "1/2-1/2"]
[WhiteElo "2356"]
[BlackElo "2406"]
[EventDate "2014.07.06"]
[PlyCount "139"]

1.e4 e5 2.Nf3 Nc6 3.Bc4 Nf6 4.d3 Be7 5.O-O d6 6.c3 O-O 7.Nbd2 Na5 8.Bb5 a6
9.Ba4 b5 10.Bc2 c5 11.Re1 Re8 12.Nf1 Bf8 13.a4 b4 14.cxb4 cxb4 15.d4 Bg4 
16.d5 Nb7 17.Ne3 Bc8 18.Nc4 a5 19.Bg5 Nc5 20.b3 Be7 21.Be3 Nfd7 22.Rc1 Ba6
23.Bb1 Rc8 24.Nfd2 Nb7 25.Bd3 Ndc5 26.Bf1 Rf8 27.g3 g6 28.Bh6 Re8 29.Qg4 
Bf8 30.Bg5 Be7 31.Bh6 Bf8 32.Bg5 Qc7 33.h4 h6 34.Be3 h5 35.Qf3 Qd8 36.Rc2 
Ra8 37.Rec1 Nd7 38.Bg5 Be7 39.Bxe7 Rxe7 40.Qe3 Ndc5 41.Nf3 Bxc4 42.Bxc4 
Kg7 43.Bb5 Rc7 44.Nd2 Qe7 45.Bc6 f5 46.exf5 gxf5 47.Nf3 Ne4 48.Ng5 Nxg5 
49.hxg5 Rh8 50.Bxb7 Rxb7 51.Rc4 Kg6 52.Rc6 Rd7 53.R1c4 Re8 54.Ra6 Qxg5 55.
Qxg5+ Kxg5 56.Rxa5 e4 57.Rxb4 e3 58.fxe3 Rxe3 59.Kg2 Rc7 60.Rc4 Rce7 61.
Ra8 Rxb3 62.Rg8+ Kf6 63.Rf4 Re2+ 64.Rf2 Rxf2+ 65.Kxf2 Ra3 66.Re8 Rxa4 67.
Re6+ Kg5 68.Rxd6 h4 69.gxh4+ Rxh4 70.Rd8 1/2-1/2

[Event "15th EUR-ch (w)"]
[Site "Plovdiv BUL"]
[Date "2014.07.16"]
[Round "10.13"]
[White "Daulyte, Deimante"]
[Black "Guseva, Marina"]
[Result "1-0"]
[WhiteElo "2405"]
[BlackElo "2362"]
[EventDate "2014.07.06"]
[PlyCount "121"]

1.e4 c6 2.d4 d5 3.e5 Bf5 4.Nf3 e6 5.Be2 Ne7 6.O-O Bg6 7.Nbd2 Nd7 8.Nb3 Nf5
9.c3 a6 10.a4 Rc8 11.a5 Be7 12.g4 Nh6 13.Ne1 f5 14.exf6 Bxf6 15.f4 Be7 16.
Bd3 Bd6 17.Qe2 Bf7 18.g5 Ng8 19.f5 Nf8 20.Ng2 Qe7 21.Re1 Kd8 22.Qf2 h6 23.
g6 Be8 24.Bf4 Bd7 25.Bxd6 Qxd6 26.Nc5 Rc7 27.fxe6 Nxe6 28.Nxd7 Rxd7 29.Bf5
Re7 30.Bxe6 Rxe6 31.Rxe6 Qxe6 32.Qf8+ Qe8 33.Qxg7 Ne7 34.Re1 Rg8 35.Qe5 
Qd7 36.g7 Nf5 37.Qb8+ Qc8 38.Qe5 Qd7 39.Rf1 Nxg7 40.Qb8+ Qc8 41.Qg3 Qe6 
42.Qb8+ Qc8 43.Qd6+ Qd7 44.Qg6 Kc8 45.Rf7 Qe8 46.Qf6 Qe6 47.Qxe6+ Nxe6 48.
h4 Rg7 49.Rxg7 Nxg7 50.Kf2 Kd7 51.Kf3 Ke6 52.Kg4 Kf6 53.Nf4 Kf7 54.Nd3 Kf6
55.Nc5 h5+ 56.Kh3 Ne6 57.Nxb7 Kf5 58.Kg3 Ke4 59.Nc5+ Nxc5 60.dxc5 Ke3 61.
b4 1-0

[Event "15th EUR-ch (w)"]
[Site "Plovdiv BUL"]
[Date "2014.07.16"]
[Round "10.14"]
[White "Nikolova, Adriana"]
[Black "Savina, Anastasia"]
[Result "1/2-1/2"]
[WhiteElo "2303"]
[BlackElo "2383"]
[EventDate "2014.07.06"]
[PlyCount "146"]

1.e4 e5 2.Nf3 Nc6 3.Bb5 Nf6 4.O-O Nxe4 5.d4 Nd6 6.Bg5 Be7 7.Bxe7 Qxe7 8.
Bxc6 dxc6 9.dxe5 Nf5 10.Qe2 Be6 11.Nbd2 O-O-O 12.Ne4 h6 13.Rfd1 Qb4 14.b3 
Qa3 15.c3 Rd5 16.c4 Rdd8 17.g4 Ne7 18.Nd4 Ng6 19.Ng3 Qc5 20.Nxe6 fxe6 21.
Qe4 Nh4 22.Rxd8+ Rxd8 23.Re1 Rd4 24.Qe3 Qf8 25.Rf1 Qf3 26.Qxf3 Nxf3+ 27.
Kg2 Nxe5 28.Re1 Nd3 29.Re3 Nf4+ 30.Kf3 g5 31.Ne4 Ng6 32.Kg3 Rd1 33.h3 Nf4 
34.Kh2 Rf1 35.Rf3 Re1 36.Ng3 Kd7 37.h4 e5 38.hxg5 hxg5 39.Re3 Rxe3 40.fxe3
Ne6 41.Ne4 Ke7 42.Kg3 b6 43.Kf3 Kf7 44.Ke2 Kg6 45.Kd3 Nd8 46.Nd2 Nf7 47.
Ne4 Nh6 48.Nf2 Kf7 49.Ke4 Ke6 50.Kd3 Ke7 51.Ke4 Kd6 52.Kd3 Ke6 53.Ke4 Ng8 
54.Kf3 Nh6 55.Ke4 Nf7 56.Kd3 a6 57.Ne4 Ke7 58.Ke2 Kd7 59.Nf6+ Ke7 60.Ne4 
Kf8 61.Nf6 Ke7 62.Ne4 Ke6 63.Kd3 Nh6 64.Nf2 a5 65.Ke4 Ng8 66.Kf3 Nf6 67.
Ne4 Nxe4 68.Kxe4 b5 69.a4 bxa4 70.bxa4 Kf6 71.Kd3 Ke7 72.c5 Kf6 73.e4 Ke6 
1/2-1/2

[Event "15th EUR-ch (w)"]
[Site "Plovdiv BUL"]
[Date "2014.07.16"]
[Round "10.15"]
[White "Vasilevich, Irina"]
[Black "Pogonina, Natalia"]
[Result "1-0"]
[WhiteElo "2328"]
[BlackElo "2508"]
[EventDate "2014.07.06"]
[PlyCount "123"]

1.e4 e5 2.Nf3 Nc6 3.Bc4 Bc5 4.b4 Bb6 5.a4 a6 6.c3 Nf6 7.d3 h6 8.O-O O-O 9.
Nbd2 d6 10.Bb3 Ne7 11.Nc4 Ba7 12.Be3 Ng6 13.Bxa7 Rxa7 14.Re1 Ra8 15.Ra2 
Bd7 16.a5 Bc6 17.Ne3 Re8 18.c4 Bd7 19.Rd2 c6 20.Qa1 Qc7 21.c5 dxc5 22.bxc5
Rad8 23.Nf5 Be6 24.Bxe6 Rxe6 25.g3 Ne7 26.Nd6 Nc8 27.Nc4 Nd7 28.d4 Ree8 
29.Qa3 exd4 30.e5 Na7 31.Nd6 Re6 32.Rxd4 Rf8 33.Rf4 Nb5 34.Qb4 Qd8 35.Nxb7
Qe7 36.Nd6 Nxe5 37.Nxe5 Rxe5 38.Rxe5 Qxe5 39.Re4 Qd5 40.Nxb5 cxb5 41.Rd4 
Qf3 42.Qe1 Qa3 43.c6 Qc5 44.Qe4 g6 45.Rd7 Rc8 46.c7 Kg7 47.Qb7 Qe5 48.
Rxf7+ Kxf7 49.Qxc8 Qe1+ 50.Kg2 Qe4+ 51.Kh3 Qc6 52.Qd8 Qe6+ 53.g4 Qc6 54.
Kg3 Qc3+ 55.Kg2 Qc6+ 56.f3 Qc2+ 57.Kg3 Qe2 58.Qd7+ Kf6 59.Qd6+ Kf7 60.Qd7+
Kf6 61.Qd4+ Kf7 62.c8=Q 1-0

[Event "15th EUR-ch (w)"]
[Site "Plovdiv BUL"]
[Date "2014.07.16"]
[Round "10.16"]
[White "Skripchenko, Almira"]
[Black "Videnova, Iva"]
[Result "1/2-1/2"]
[WhiteElo "2449"]
[BlackElo "2315"]
[EventDate "2014.07.06"]
[PlyCount "182"]

1.Nf3 Nf6 2.g3 g6 3.b3 Bg7 4.Bb2 O-O 5.Bg2 d6 6.d4 e5 7.dxe5 Nfd7 8.Nbd2 
Nc6 9.O-O dxe5 10.Nc4 Re8 11.e3 Qe7 12.Ba3 Qf6 13.Bb2 Qe7 14.Nfd2 Nb6 15.
Qe2 f5 16.a4 e4 17.Nxb6 axb6 18.Bxg7 Kxg7 19.Nc4 Be6 20.Rfd1 Red8 21.Bf1 
Qb4 22.Kg2 Kf6 23.h4 h6 24.Na3 Rxd1 25.Qxd1 Rd8 26.Qc1 Ne5 27.Nb5 c6 28.
Nd4 Qc3 29.Ne2 Qd2 30.Qb2 g5 31.hxg5+ hxg5 32.Nc3 Qd6 33.Rd1 Qe7 34.Rxd8 
Qxd8 35.Ne2 Qd6 36.Nd4 Kg6 37.Be2 Bd7 38.Qc3 c5 39.Nb5 Bxb5 40.Bxb5 g4 41.
Be2 Kg5 42.a5 Kf6 43.axb6 Qxb6 44.Qa1 Qd8 45.Qa7 b6 46.Qh7 Ke6 47.Ba6 Qf8 
48.Qc7 Nf3 49.Qxb6+ Ke5 50.Qc7+ Qd6 51.Qg7+ Qf6 52.Qa7 Qd6 53.Bc4 Kf6 54.
Qf7+ Ke5 55.Qe8+ Kf6 56.Qh8+ Kg6 57.Bb5 Qe7 58.Be8+ Kg5 59.Qg8+ Kf6 60.Bc6
Ne1+ 61.Kf1 Nxc2 62.Bd5 Qa7 63.Ke2 Nb4 64.Bc4 Qe7 65.Qh8+ Qg7 66.Qh4+ Qg5 
67.Qh1 Qg7 68.Qa1+ Kg6 69.Qa5 Qe7 70.Qb6+ Kg7 71.Be6 Kf6 72.Bc8+ Kg5 73.
Qb8 Nd5 74.Bb7 Nf6 75.Ba6 Kg6 76.Bc4 Kg7 77.Qc8 Qe5 78.Qe6 Qxe6 79.Bxe6 
Kg6 80.Kd2 Ne8 81.Kc3 Nd6 82.Bd7 Kf6 83.Bc6 Ke5 84.Ba4 Kf6 85.Bc6 Ke5 86.
Bd7 Kf6 87.Bc6 Ke6 88.Kd2 Nf7 89.Bb5 Ne5 90.Ke2 Kd5 91.Kd2 Kd6 1/2-1/2

[Event "15th EUR-ch (w)"]
[Site "Plovdiv BUL"]
[Date "2014.07.16"]
[Round "10.17"]
[White "Goriachkina, Alexandra"]
[Black "Ambartsumova, Karina"]
[Result "1-0"]
[WhiteElo "2434"]
[BlackElo "2301"]
[EventDate "2014.07.06"]
[PlyCount "53"]

1.d4 Nf6 2.c4 e6 3.Nc3 Bb4 4.Qc2 O-O 5.a3 Bxc3+ 6.Qxc3 b6 7.Bg5 Bb7 8.e3 
d6 9.f3 d5 10.Bd3 Nbd7 11.cxd5 exd5 12.Nh3 Re8 13.O-O h6 14.Bh4 c6 15.Rae1
Nf8 16.e4 Ng6 17.Bxf6 Qxf6 18.e5 Qe7 19.f4 c5 20.Bb5 Rec8 21.f5 cxd4 22.
Qg3 Nh8 23.f6 Qf8 24.Bd3 a5 25.e6 fxe6 26.f7+ Nxf7 27.Qg6 1-0

[Event "15th EUR-ch (w)"]
[Site "Plovdiv BUL"]
[Date "2014.07.16"]
[Round "10.18"]
[White "Milliet, Sophie"]
[Black "Dordzhieva, Dinara"]
[Result "1-0"]
[WhiteElo "2406"]
[BlackElo "2225"]
[EventDate "2014.07.06"]
[PlyCount "37"]

1.e4 c5 2.Nc3 a6 3.Nge2 d6 4.g3 b5 5.Bg2 Bb7 6.d4 cxd4 7.Nxd4 Nf6 8.O-O e6
9.Re1 Qc7 10.a4 b4 11.Nd5 exd5 12.exd5+ Kd8 13.Bg5 Nd7 14.c3 h6 15.Bxf6+ 
Nxf6 16.cxb4 Nxd5 17.Qb3 Nxb4 18.Rac1 Qd7 19.Qxb4 1-0

[Event "15th EUR-ch (w)"]
[Site "Plovdiv BUL"]
[Date "2014.07.16"]
[Round "10.19"]
[White "Guramishvili, Sopiko"]
[Black "Olsarova, Tereza"]
[Result "1-0"]
[WhiteElo "2402"]
[BlackElo "2251"]
[EventDate "2014.07.06"]
[PlyCount "81"]

1.Nf3 d5 2.g3 c6 3.Bg2 Bf5 4.O-O e6 5.d3 Nf6 6.b3 h6 7.Bb2 Be7 8.Nbd2 O-O 
9.c4 a5 10.a3 Na6 11.Qc2 Bh7 12.Rfd1 c5 13.Nb1 Nb8 14.Ne5 Qc7 15.cxd5 exd5
16.e4 d4 17.f4 Nc6 18.Nxc6 Qxc6 19.a4 Ng4 20.Bc1 c4 21.h3 Ne3 22.Bxe3 dxe3
23.bxc4 Rfd8 24.Nc3 Rac8 25.Qe2 Bc5 26.Nd5 Qe8 27.Kh2 Bd4 28.Ra2 Kh8 29.
Rb1 Qd7 30.Rb3 g5 31.Nxe3 gxf4 32.gxf4 Rg8 33.Rb5 Qd6 34.Qf3 Bc5 35.Nd5 b6
36.Rd2 Bd4 37.e5 Qa3 38.Nf6 Bf5 39.Qh5 Rg6 40.Qxf5 Rxc4 41.Rd5 1-0

[Event "15th EUR-ch (w)"]
[Site "Plovdiv BUL"]
[Date "2014.07.16"]
[Round "10.20"]
[White "Charochkina, Daria"]
[Black "Agrest, Inna"]
[Result "1-0"]
[WhiteElo "2375"]
[BlackElo "2223"]
[EventDate "2014.07.06"]
[PlyCount "79"]

1.c4 g6 2.Nc3 Bg7 3.g3 d6 4.Bg2 Nd7 5.e3 Ngf6 6.Nge2 c6 7.d4 e5 8.b3 O-O 
9.Ba3 Ne8 10.O-O Qa5 11.Qc1 f5 12.dxe5 Nxe5 13.Rd1 Nf7 14.Nd4 f4 15.exf4 
Bg4 16.f3 Bd7 17.Bb2 Rc8 18.Qc2 b5 19.cxb5 cxb5 20.Qd2 b4 21.Ne4 Qb6 22.
Kh1 h6 23.g4 d5 24.Ng3 Nf6 25.f5 g5 26.Ne6 Bxe6 27.fxe6 Qxe6 28.Nf5 Bh8 
29.Re1 Qd7 30.Ne7+ Kh7 31.Qd3+ Ne4 32.Bxh8 Qxe7 33.Bd4 Ne5 34.Bxe5 Qxe5 
35.fxe4 d4 36.Rad1 Rfd8 37.Qg3 Qxg3 38.hxg3 Rc2 39.e5 Rxa2 40.e6 1-0